LEADER 05569nam 2200637 450 001 9910793144103321 005 20230120071515.0 010 $a2-7598-2284-2 024 7 $a10.1051/978-2-7598-2284-3 035 $a(CKB)4100000006994572 035 $a(Au-PeEL)EBL5520142 035 $a(OCoLC)1055048590 035 $a(DE-B1597)573549 035 $a(DE-B1597)9782759822843 035 $a(Au-PeEL)EBL6810603 035 $a(OCoLC)1245058356 035 $a(MiAaPQ)EBC5520142 035 $a(PPN)233376860 035 $a(EXLCZ)994100000006994572 100 $a20181105d2018 uy 0 101 0 $afre 135 $aurcnu|||||||| 181 $ctxt$2rdacontent 182 $cc$2rdamedia 183 $acr$2rdacarrier 200 10$aChimie, ae?ronautique et Espace /$fAne Aanesland [and sixteen others] ; Coordonne par Minh-Thu Dinh-Audouin, Danie?le Olivier et Paul Rigny 210 1$aLes Ulis Cedex A, France :$cEDP Sciences,$d[2018] 210 4$d©2018 215 $a1 online resource (272 pages) 225 1 $aCollection Chimie et 311 $a2-7598-2283-4 327 $tFrontmatter -- $tSommaire -- $tAvant-propos : par Danièle Olivier et Paul Rigny -- $tPréface : par Bernard Bigot -- $tPartie 1 : La R&D aéronautique et spatiale -- $tChapitre 1 : La chimie et l?espace par Jacques Louet -- $tChapitre 2 : Demain, l?aviation plus verte et plus autonome par Denis Chapuis -- $tChapitre 3 : La propulsion des fusées et des futurs avions chez Air Liquide ! par Pierre Crespi -- $tChapitre 4 : Les nouveaux matériaux composites pour l?aéronautique par Vincent Aerts -- $tChapitre 4 : Les matériaux pour l?espace : application aux instruments optiques par Dominique Gilliéron -- $tChapitre 5 : StratobusTM par Jean-Philippe Chessel -- $tPartie 2 : Chimie et aéronautique -- $tChapitre 6 : Les défis matériaux et procédés pour les équipements aéronautiques par Olivier Delcourt -- $tChapitre 7 : La propulsion électrique : de la propulsion classique à la micro-propulsion par Ane Aanesland -- $tChapitre 8 : Apport de la chimie au développement de matériaux pour l?aéronautique par Marie-Joëlle Menu, Marie Gressier, Pierre Alphonse et Florence Ansart -- $tChapitre 9 : Dernières avancées dans les alliages d?aluminium pour applications aéronautiques par Timothy Warner -- $tPartie 3 : Chimie et espace -- $tChapitre 10 : Molécules dans l?Univers. Où ? Quand ? Comment ? Pourquoi ? par Michel Guélin -- $tChapitre 10 : Traces chimiques d?une forme de vie extraterrestre : si près ! Si loin ! par Michel Viso -- $tChapitre 11 : Les origines de la vie, du minéral aux biomolécules d?après la conférence de Thomas Georgelin -- $tChapitre 12 : L?exploration spatiale : quelles perspectives et quelle place pour l?Europe ? par Richard Bonneville 330 $aChaque enfant, chaque adulte est un vrai Jules Verne quand il s?agit de la conquête de l?espace. Les avions toujours plus performants, les hélicoptères, les drones nous font rêver. Et les satellites, donc, avec leurs promesses d?exploration des astres voisins ! Malgré les difficultés concrètes dues au manque de combustible fossile qui s?esquisse, le transport aérien reste une priorité. La mondialisation galopante impose des contacts humains réels entre pays différents, aux extrémités du monde. L?utilisation des satellites pour les télécommunications est devenue indispensable, par exemple pour le développement d?Internet ou pour les GPS. Les demandes de surveillances tous azimuts par les drones ou par les petits satellites se multiplient. Tout indique que l?utilisation de l?espace, l?un des grands thèmes de la technologie actuelle, le restera pour les années qui viennent. On trouvera dans ce livre l?exposé des multiples objectifs des recherches qui nous préparent le futur en matière de transport aérien et d?exploration de l?espace. Pour réussir les projets souvent aussi ambitieux que hardis, la recherche est sollicitée de façon majeure. Cette recherche, c?est dans une large mesure celle de nouveaux matériaux, métaux rares, composites ou matières plastiques de haute performance. Autant dire que cet ouvrage regorge d?exemples d?applications de cette vaste et féconde discipline qu?est la chimie, exposés par des professionnels spécialistes des laboratoires de recherche et des industries. L?aéronautique et l?espace jouent un rôle déterminant au niveau sociétal ; pour le premier en termes d?énergie, de sécurité ou de confort, pour le second dans le cadre de la quête perpétuelle de l?humanité des éléments fondamentaux pour la connaissance de l?Univers, de son évolution et des connaissances de l?origine de la vie. 410 0$aCollection Chimie et. 606 $aChemistry$xResearch 606 $aAeronautics$xResearch 606 $aAerospace engineering$xResearch 606 $aNeurochemistry$xResearch 606 $aScience$xSocial aspects 615 0$aChemistry$xResearch. 615 0$aAeronautics$xResearch. 615 0$aAerospace engineering$xResearch. 615 0$aNeurochemistry$xResearch. 615 0$aScience$xSocial aspects. 676 $a540.724 700 $aAanesland$b Ane$01564445 702 $aOlivier$b Danie?le 702 $aRigney$b Paul 702 $aDinh-Audouin$b Minh-Thu 801 0$bMiAaPQ 801 1$bMiAaPQ 801 2$bMiAaPQ 906 $aBOOK 912 $a9910793144103321 996 $aChimie, ae?ronautique et Espace$93833495 997 $aUNINA LEADER 03949nam 22006975 450 001 9910300572103321 005 20240322024326.0 010 $a9783319663111 010 $a3319663119 024 7 $a10.1007/978-3-319-66311-1 035 $a(CKB)4100000001794932 035 $a(DE-He213)978-3-319-66311-1 035 $a(MiAaPQ)EBC5252878 035 $a(Perlego)3494362 035 $a(EXLCZ)994100000001794932 100 $a20180127d2018 u| 0 101 0 $aeng 135 $aurnn|008mamaa 181 $ctxt$2rdacontent 182 $cc$2rdamedia 183 $acr$2rdacarrier 200 10$aAesthetico-Cultural Cosmopolitanism and French Youth $eThe Taste of the World /$fby Vincenzo Cicchelli, Sylvie Octobre 205 $a1st ed. 2018. 210 1$aCham :$cSpringer International Publishing :$cImprint: Palgrave Macmillan,$d2018. 215 $a1 online resource (XXVII, 405 p. 5 illus. in color.) 225 1 $aConsumption and Public Life,$x2947-8235 311 08$a9783319663104 311 08$a3319663100 320 $aIncludes bibliographical references and index. 327 $a1. How Young People Develop a Taste for the World -- Part 1: Configuration of a Taste for the World -- 2. The Morphology of Cultural Consumption Repertoires -- 3. From Global Cultural References to Global Imaginaries -- 4. Five Configurations of Aesthetico-Cultural Cosmopolitanism -- Conclusion to Part I: A Continuum of Configurations -- Part 2: What Determines a Taste for the World? -- 5. Omnivorism and Aesthetico-Cultural Cosmopolitanism -- 6. Language Skills and Aesthetico-Cultural Cosmopolitanism -- 7. Mobility and Aesthetico-Cultural Cosmopolitanism -- Part 3: Cosmopolitan Amateurs -- 8. Understanding the World -- 9. Feeling the World -- 10. Tensions and Divisions -- Conclusion to Part III: Rejecting the Cultural Discount Hypothesis 11. General Conclusion: A Modern Sensibility for Today's World. 330 $aBy examining cultural consumption, tastes and imaginaries as a means of relating to the world, this book describes the effects of globalization on young people from an aesthetic and cultural perspective. It employs the concept of aesthetic-cultural cosmopolitanism to analyse the emergence of an aesthetic openness to alterity as a new generational 'good taste'. Aesthetico-Cultural Cosmopolitanism and French Youth critically examines the consumption of cultural products and imaginaries that provides genuine insight into social change, particularly in regard to young people who play the largest role in cultural circulation. This book will be of interest to a wide range of readers, including cultural theorists and students engaged in debates on cultural consumption, the globalization of culture and transnational aesthetic codes. 410 0$aConsumption and Public Life,$x2947-8235 606 $aCulture 606 $aCulture$xStudy and teaching 606 $aSociology 606 $aSocial groups 606 $aEthnology$zEurope 606 $aYouth$xSocial life and customs 606 $aSociology of Culture 606 $aCultural Studies 606 $aSociology of Family, Youth and Aging 606 $aEuropean Culture 606 $aYouth Culture 615 0$aCulture. 615 0$aCulture$xStudy and teaching. 615 0$aSociology. 615 0$aSocial groups. 615 0$aEthnology 615 0$aYouth$xSocial life and customs. 615 14$aSociology of Culture. 615 24$aCultural Studies. 615 24$aSociology of Family, Youth and Aging. 615 24$aEuropean Culture. 615 24$aYouth Culture. 676 $a201.7 700 $aCicchelli$b Vincenzo$4aut$4http://id.loc.gov/vocabulary/relators/aut$0260796 702 $aOctobre$b Sylvie$4aut$4http://id.loc.gov/vocabulary/relators/aut 906 $aBOOK 912 $a9910300572103321 996 $aAesthetico-Cultural Cosmopolitanism and French Youth$91984753 997 $aUNINA